| 000 | 00640nam a2200229Ia 4500 | ||
|---|---|---|---|
| 008 | 180523s9999 xx 000 0 und d | ||
| 020 | _a1-86152-185-5 | ||
| 050 | _aMAIN TX 911.3 | ||
| 050 | _b.M27W66 1997 c.2 | ||
| 100 | _aWood, Roy C. | ||
| 245 | 0 | _aWorking in hotels and catering / | |
| 245 | 0 | _cRoy C. Wood. | |
| 250 | _a2nd Edition | ||
| 260 | _aLondon : | ||
| 260 | _bInternational Thomson Business Press, | ||
| 260 | _c1997 | ||
| 300 | _a236 pages : | ||
| 300 | _c22 cm. | ||
| 500 | _aIncludes bibliographical references and index. | ||
| 650 | _aHotel management. | ||
| 650 | _xCaterers and catering -- Management. | ||
| 999 |
_c357787 _d357787 |
||